Gardening through the year / (Record no. 34806)

MARC details
000 -LEADER
fixed length control field 01059nam a2200277 a 4500
005 - DATE AND TIME OF LATEST TRANSACTION
control field 2010032001471.0
008 - FIXED-LENGTH DATA ELEMENTS--GENERAL INFORMATION
fixed length control field 860325s1986 nyua 001 0 eng
010 ## - LCCN (DPL NO)
LC control number B-379406
020 ## - INTERNATIONAL STANDARD BOOK NUMBER
International Standard Book Number 1844773353
Terms of availability 550.00
020 ## - INTERNATIONAL STANDARD BOOK NUMBER
International Standard Book Number 9781844773350
Terms of availability 550.00
035 ## - SYSTEM CONTROL NUMBER
System control number B-379406
037 ## - SOURCE OF ACQUISITION
Source of stock number/acquisition Pansy Books
040 ## - CATALOGING SOURCE
Original cataloging agency dpl
Language of cataloging English
082 ## - DEWEY DECIMAL CLASSIFICATION NUMBER
Classification number 635.9
100 ## - MAIN ENTRY--PERSONAL NAME
Personal name Edwards, Jonathan
245 ## - TITLE STATEMENT
Title Gardening through the year /
Statement of responsibility, etc by Jonathan Edwards [and] Peter McHoy
260 ## - PUBLICATION, DISTRIBUTION, ETC. (IMPRINT)
Place of publication, distribution, etc London
Name of publisher, distributor, etc Hermes House
Date of publication, distribution, etc 2004
270 ## - ADDRESS
Address 88-89 Blackfriars Road,
City London
300 ## - PHYSICAL DESCRIPTION
Extent 256 p. :
Other physical details col. photos
Dimensions 28 cm(pbk)
500 ## - GENERAL NOTE
General note Includes index
650 ## - SUBJECT ADDED ENTRY--TOPICAL TERM
Topical term or geographic name as entry element Gardening.
700 ## - ADDED ENTRY--PERSONAL NAME
Personal name McHoy,Peter
942 ## - ADDED ENTRY ELEMENTS (KOHA)
Source of classification or shelving scheme Dewey Decimal Classification
Item type English Books
Classification part 635.9
Call number suffix EDW
Holdings
Withdrawn status Lost status Source of classification or shelving scheme Damaged status Not for loan Collection code Home library Current library Date acquired Source of acquisition Cost, normal purchase price Total Checkouts Full call number Barcode Date last seen Copy number Cost, replacement price Koha item type
    Dewey Decimal Classification   Not For Loan Non-fiction Central Library Central Library 22/03/2010 Pansy Books/986/24.2.10/177/23.2.10/24.2.10 550.00   635.9 EDW B-379406 22/03/2010 1 550.00 Reference Books

© Delhi Public Library
Hit Counter
free hit counter